Statistics for Largest National Legislatures

Click here to take the quiz!

General Stats

  • This quiz has been taken 21 times
  • The average score is 18 of 25

Answer Stats

Number of MembersCountry% Correct
2,980China
100%
925France
100%
805Germany
100%
1,443United Kingdom
100%
788India
95%
535United States
95%
606Italy
90%
707Japan
90%
620Russia
90%
607Spain
90%
628Mexico
85%
594Brazil
80%
711Indonesia
80%
560Poland
75%
600Turkey
70%
687North Korea
65%
750Thailand
65%
608Democratic Republic of the Congo
60%
896Egypt
55%
606Algeria
50%
665Morocco
45%
612Cuba
40%
655Ethiopia
40%
664Myanmar
35%
529Uganda
30%

Score Distribution

Percentile by Number Answered

Percent of People with Each Score

Your Score History

You have not taken this quiz